banner-ar

الصلة / (Record no. 63478)

MARC details
000 -الفاتح
حقل البيانات ثابتة الطول 00738nam a2200193Ia 4500
005 - وقت وتاريخ اخر تعامل مع التسجيلة
رقم الضبط 20240530110643.0
008 - عناصر البيانات ثابتة الطول - معلومات عامة
حقل البيانات ثابتة الطول 140319s9999 xx 000 0 ara d
040 ## - مصدر الفهرسة
وكالة الفهرسة الأصلية GCL /
وكالة النسخ GCL
082 04 - رقم تصنيف ديوى العشرى
رقم التصنيف 953.071
رقم المادة ب ص
100 1# - المدخل الرئيسى - إسم شخصى
الإسم الشخصى ابن بشكوال : ابو القاسم خلف بن عبد الملك بن سعود الاندلسي
245 10 - بيان العنوان
العنوان الصلة /
بيان المسئوليه,etc ابن بشكوال : ابو القاسم خلف بن عبد الملك بن سعود الاندلسي
260 ## - PUBLICATION, DISTRIBUTION, ETC. (IMPRINT)
تاريخ النشر أو التوزيع 1990
300 ## - الوصف المادى
التعداد متعدد الترقيم
490 ## - بيان السلسلة
عنوان السلسلة سلسلة اللغات للمسافر
رقم المجلد/ التعيين التسلسلي 0
650 04 - المدخل الاضافى بالموضوع-مصطلح موضوعى
مصطلح موضوعي التراجم
700 1# - المدخل الاضافى - اسم شخصى
الإسم الشخصى ابراهيم الابيارى
942 ## - عناصر المدخل الإضافي( كوها)
مصدر التصنيف او مخطط الترفيف Dewey Decimal Classification
Koha [default] item type المراجع
260 ## - PUBLICATION, DISTRIBUTION, ETC. (IMPRINT)
-- [S.N] :
-- دار الكتاب المصرى ،
Holdings
حالة التراجع حالة الفقد مصدر التصنيف او خطة الترفيف حالة تلف ليس للاعارة المكان المؤقت الموقع الحالى تاريخ الاكتساب اجمالي اﻻعارات رقم الطلب الباركود تاريخ اخر مشاهدة تاريخ تفعيل السعر نوع وعاء كوها
    ddc     مكتبة القاهرة الكبرى مكتبة القاهرة الكبرى 10/25/2017   953.071 ب ص 163537 10/25/2017 10/25/2017 المراجع
    ddc     مكتبة القاهرة الكبرى مكتبة القاهرة الكبرى 10/25/2017   953.071 ب ص 163538 10/25/2017 10/25/2017 المراجع
    ddc     مكتبة القاهرة الكبرى مكتبة القاهرة الكبرى 10/25/2017   953.071 ب ص 163539 10/25/2017 10/25/2017 المراجع

Powered By

EGPV